Premier League Players Who Played in a World Cup Final - Statistics

General Stats
  • This quiz has been taken 58 times
  • The average score is 13 of 19
Answer Stats
Country Final(s) Club(s) Answer % Correct
France 2006 Arsenal Thierry Henry
94%
France 2018 Leicester City, Chelsea N’Golo Kanté
86%
Argentina 2022 Brighton & Hove Albion, Liverpool Alexis Mac Allister
84%
France 2018 Manchester United Paul Pogba
80%
Germany 2014 Arsenal Mesut Özil
78%
France 2018, 2022 Tottenham Hotspur Hugo Lloris
76%
France 2006 Arsenal, Manchester City Patrick Vieira
73%
Argentina 2022 Tottenham Hotspur Cristian Romero
71%
Argentina 2022 Chelsea Enzo Fernández
71%
Argentina 2022 Manchester United Lisandro Martínez
67%
France 2018, 2022 Arsenal, Chelsea Olivier Giroud
65%
France 1998 Chelsea Marcel Desailly
63%
Argentina 2022 Manchester City Julián Álvarez
61%
France 1998 Arsenal Emmanuel Petit
57%
Argentina 2014 Manchester City Pablo Zabaleta
55%
Germany 2014 Arsenal Per Mertesacker
55%
France 2018, 2022 Manchester United Raphaël Varane
53%
Argentina 2014 Manchester City Martin Demichelis
41%
France 1998 Chelsea Didier Deschamps
27%
No matching quizzes found
Score Distribution
Percent of People with Each Score
Percentile by Number Answered
Your Score History
You have not taken this quiz